| 000 | 01423 a2200217 4500 | ||
|---|---|---|---|
| 003 | Nust | ||
| 005 | 20170207154009.0 | ||
| 010 | _a 99059501 | ||
| 020 | _a1572319038 | ||
| 040 | _cNust | ||
| 082 | 0 | 0 | _a005.71 |
| 245 | 0 | 0 |
_aMCSE training kit. (E-BOOK) _pMCSMicrosoft Windows 2000 server / _cMicrosoft Corporation. |
| 260 |
_aRedmond, WA : _bMicrosoft Press, _c2000. |
||
| 300 |
_ali, 1033 p. : _bill. ; _c24 + _e1 computer optical disc (4 3/4 in.) |
||
| 500 | _aChapter 1 .Introduction to Microsoft Windows 2000, Chapter 2 .Installing and Configuring Microsoft Windows 2000 Server, Chapter 3 .Unattended Installations of Microsoft Windows 2000 Server, Chapter 4 .Microsoft Windows 2000 File Systems, Chapter 5 .Advanced File Systems, Chapter 6 .Active Directory Services , Chapter 7 .Administering Microsoft Windows 2000 Server , Chapter 8 .Administering Print Services, Chapter 9 .Network Protocols and Services, Chapter 10 .Routing and Remote Access Service , Chapter 11 .Microsoft Windows 2000 Security , Chapter 12 .Reliability and Availability , Chapter 13 .Monitoring and Optimization, Chapter 14 .Microsoft Windows 2000 Application Servers . | ||
| 650 | 0 |
_aElectronic data processing personnel _xCertification. |
|
| 650 | 0 |
_aMicrosoft software _xExaminations |
|
| 651 | _aE-BOOK | ||
| 710 | 2 | _aMicrosoft Corporation. | |
| 856 | 4 | 2 |
_3Publisher description _uhttp://www.loc.gov/catdir/enhancements/fy1004/99059501-d.html |
| 942 |
_2ddc _cBK |
||
| 999 |
_c191117 _d191117 |
||